000
00191 a2200097 4500
001
2054
100
_a
Donaldso
245
_a
Tool design.
260
_a
_b
Mc Graw Hill
_c
090
_c
1516
_d
1516
942
_a
NUST-CAE
_c
M
_c
5736
999
_c
237127
_d
237127